000 00795nam a2200229Ia 4500
003 OSt
005 20220923220621.0
006 a|||||r|||| 00| 0
007 ta
008 220922b |||||||| |||| 00| 0 hin d
024 _a187,942
037 _cTextual
040 _aARTS
_cARTS
_bhin
041 _2hin
_ahin
082 _aV237, 152M9
245 0 _aराजस्थान* बगीय दृष्टि मे, संपा अक्षयचन्द्र शर्मा
246 _aRājasthāna: bagīya dṛuṣhṭi me, sanpā0 akṣhayachandra sharmā
260 _aकलकत्ता
_b कायां चेरीटेबल ट्रस्ट
_c1989
300 _a229 पृ.
_ccm.
942 _hV237, 152M9
_cTEXL
_2CC
999 _c341018
_d341018